Faculty of Law Library — Cairo University

Official Online Catalog

Raul Humberto De Lima Simoesmediterranean Conference on Human Rights Conference Mediterraneenne Sur Les Droits De L'homme Conferenza Mediterranea Sui Diritti Dell'uomo (Record no. 63924)

MARC details
000 -LEADER
fixed length control field 01204nam a2200289 i 4500
003 - CONTROL NUMBER IDENTIFIER
control field EG-GICUC
005 - DATE AND TIME OF LATEST TRANSACTION
control field 20260306100334.0
008 - FIXED-LENGTH DATA ELEMENTS--GENERAL INFORMATION
fixed length control field 260221s1993 oku||||fr|||| 00| 0 eng d
040 ## - CATALOGING SOURCE
Original cataloging agency EG-GiCUC
Language of cataloging eng
Transcribing agency EG-GiCUC
Modifying agency EG-GiCUC
Description conventions rda
082 04 - DEWEY DECIMAL CLASSIFICATION NUMBER
Edition number 21
Classification number 341.48
Item number ME
092 04 - LOCALLY ASSIGNED DEWEY CALL NUMBER (OCLC)
Edition number 21
099 ## - LOCAL FREE-TEXT CALL NUMBER (OCLC)
Classification number Law1 11 341.48 ME 1993
111 ## - MAIN ENTRY--MEETING NAME
Meeting name or jurisdiction name as entry element Raul Humberto De Lima Simoesmediterranean Conference on Human Rights Conference Mediterraneenne Sur Les Droits De L'homme Conferenza Mediterranea Sui Diritti Dell'uomo
Location of meeting (Taormina:
Date of meeting or treaty signing 1993)
245 10 - TITLE STATEMENT
Title Raul Humberto De Lima Simoesmediterranean Conference on Human Rights Conference Mediterraneenne Sur Les Droits De L'homme Conferenza Mediterranea Sui Diritti Dell'uomo
264 #1 - PRODUCTION, PUBLICATION, DISTRIBUTION, MANUFACTURE, AND COPYRIGHT NOTICE
Place of production, publication, distribution, manufacture Penitenziari :
Name of producer, publisher, distributor, manufacturer Centro Internazionale Di Ricerche Estudi Sociologici Penali E Penitenziari,
Date of production, publication, distribution, manufacture, or copyright notice 1993.
300 ## - PHYSICAL DESCRIPTION
Extent 107 pages :
Other physical details illustrations,
Dimensions 24 cm
336 ## - CONTENT TYPE
Source rda content
Content type term text
337 ## - MEDIA TYPE
Source rda media
Media type term Computer
338 ## - CARRIER TYPE
Source rda carrier
Carrier type term Online Resource
504 ## - BIBLIOGRAPHY, ETC. NOTE
Bibliography, etc. note
546 ## - LANGUAGE NOTE
Language note Text in English
650 14 - SUBJECT ADDED ENTRY--TOPICAL TERM
Topical term or geographic name entry element Public international law
Source of heading or term
651 1# - SUBJECT ADDED ENTRY--GEOGRAPHIC NAME
Source of heading or term
856 40 - ELECTRONIC LOCATION AND ACCESS
Uniform Resource Identifier <a href="https://fll.law.cu.edu.eg/fulltext/bks/B11-07881.pdf">https://fll.law.cu.edu.eg/fulltext/bks/B11-07881.pdf</a>
905 ## - Cataloger and Reviser Names
Cataloger Name: Dina
942 ## - ADDED ENTRY ELEMENTS (KOHA)
Source of classification or shelving scheme Dewey Decimal Classification
Koha item type Books
Edition 21
Suppress in OPAC No
Holdings
Withdrawn status Lost status Source of classification or shelving scheme Damaged status Not for loan Collection Home library Current library Date acquired Total checkouts Full call number Barcode Date last seen Copy number Price effective from Koha item type
    Dewey Decimal Classification   Not for loan القانون الدولي العام جــــامعة القــاهرة مكتبة كلية الحقوق - المبنى الرئيسي 21.02.2026   Law1 11 341.48 ME 1993 1107881 C1 B11-07881 21.02.2026 1 21.02.2026 Books

© All rights reserved — Faculty of Law, Cairo University